K inovačnej politike EÚ

Európske financovanie vedy a výskumu, rozpočet. Autor sústreďuje pozornosť na malé a stredné podniky, ako nositeľov inovácií a taktiež na projekt z dielne EÚ s názvom „Únia inovácií.“

Salvato in:
Dettagli Bibliografici
Autore principale: Woltemar, Richard
Natura: Capitolo di libro
Lingua:slovacco
Soggetti:
Tags: Aggiungi Tag
Nessun Tag, puoi essere il primo ad aggiungerne!!

MARC

LEADER 00000nla$a2200000$$$4500
001 0128132
005 20240502072449.2
041 0 |a slo 
044 |a SK 
245 1 0 |a K inovačnej politike EÚ  |c Richard Woltemar 
520 |a Európske financovanie vedy a výskumu, rozpočet. Autor sústreďuje pozornosť na malé a stredné podniky, ako nositeľov inovácií a taktiež na projekt z dielne EÚ s názvom „Únia inovácií.“ 
610 2 0 |a veda 
610 2 0 |a výskum 
610 2 0 |a inovácia 
610 2 0 |a financovanie 
610 2 0 |a financovanie vedy 
610 2 0 |a Európska únia 
100 1 |a Woltemar, Richard